Statystyki dla Połączone państwa na mapie świata #5

Kliknij tutaj aby rozwiązać quiz!

Ogólne statystyki

  • Ten quiz został rozwiązany 6 104 razy
  • Średni wynik to 14 z 20

Odpowiedzi na mapie

Odpowiedzi skodowane kolorowo w zielono-czerwonej skali na mapie do tego quizu, zgodnie z poniższymi procentami.
 

Statystyki odpowiedzi

Państwo% Poprawnych
Chiny
90%
Mongolia
83%
Rosja
82%
Korea Północna
78%
Korea Południowa
78%
Serbia
78%
Bułgaria
77%
Kolumbia
77%
Argentyna
75%
Wenezuela
75%
Urugwaj
72%
Szwecja
71%
Gruzja
70%
Finlandia
69%
Niger
64%
Burkina Faso
54%
Indonezja
53%
Malezja
51%
Botswana
43%
Zimbabwe
43%

Rozkład punktacji

Percentyl według liczby udzielonych odpowiedzi

Procent ludzi z każdym wynikiem

Twoja historia wyników

Nie rozwiązałeś tego quizu